Top 50 Premier League Goalscorers - Statistics

General Stats
  • This quiz has been taken 216 times
    144 since last reset
  • The average score is 28 of 50
Answer Stats
Answer % Correct
Wayne Rooney
99%
Alan Shearer
93%
Harry Kane
89%
Thierry Henry
89%
Frank Lampard
88%
Sergio Agüero
87%
Steven Gerrard
86%
Mohamed Salah
84%
Cristiano Ronaldo
83%
Didier Drogba
83%
Robin Van Persie
80%
Paul Scholes
79%
Andy Cole
78%
Sadio Mané
78%
Michael Owen
71%
Ryan Giggs
68%
Ruud van Nistelrooy
67%
Dennis Bergkamp
64%
Fernando Torres
64%
Raheem Sterling
64%
Carlos Tevez
63%
Jamie Vardy
63%
Robbie Fowler
63%
Dwight Yorke
62%
Son-Heung Min
61%
Peter Crouch
58%
Romelu Lukaku
57%
Jermain Defoe
55%
Teddy Sheringham
55%
Eden Hazard
54%
Robbie Keane
53%
Dimitar Berbatov
51%
Ian Wright
50%
Nicolas Anelka
50%
Ole Gunnar Solskjaer
38%
Les Ferdinand
37%
Matt Le Tissier
37%
Olivier Giroud
37%
Emile Heskey
36%
Darren Bent
34%
Jimmy Floyd Hasselbaink
33%
Emmanuel Adebayor
29%
Kevin Phillips
29%
Dion Dublin
28%
Louis Saha
17%
Yakubu
17%
Mark Viduka
16%
Christian Benteke
13%
James Beattie
11%
Kevin Davies
8%
No matching quizzes found
Score Distribution
Percent of People with Each Score
Percentile by Number Answered
Your Score History
You have not taken this quiz since the last reset